| 000 | 00341cam a22001097a 4500 | ||
|---|---|---|---|
| 008 | 180718b1975 xxu||||| |||| 00| 0 eng d | ||
| 082 | _aZx5464 T738/1970 | ||
| 100 | _aNarayan, R, Shankar | ||
| 245 |
_aState report on world agricultural census in Tripura _cby R, Shankar Narayan |
||
| 260 |
_aAgartala _bGovernment Press _c1975 |
||
| 300 | _a76+p. | ||
| 999 |
_c499357 _d499357 |
||